01092cam a2200277 a 4500020002900000020003600029040000800065082002600073100002100099245005200120250001200172260007600184300004400260500027400304650002700578650002100605650001100626650001300637650001700650650001700667650002000684700002500704700002300729710002400752710003800776 a0834803275 (Weatherhill) a0910407320 (Phoenix Art Museum) cDLC00a769 WEA 1995 A087 Or.1 aMirviss, Joan B.14aThe Frank Lloyd Wright collection of surimono / a1st ed. aNew York :bWeatherhill ;aPhoenix, Ariz. :bPhoenix Art Museum,c1995. ax, 313 p. :bill. (some col.) ;c27 cm. a"Published in conjunction with the exhibition, Frank Lloyd Wright and Japanese art, organized by the Phoenix Art Museum ... and held at Phoenix Art Museum, March 11 through June 11, 1995 and Los Angeles County Museum of Art, September 10, 1995 through January 7, 1996." 0aColor prints, Japanese 0aMiniature prints 0aUkiyoe 0aSurimono 0aColor prints 0aColor prints 0aJapanese poetry1 aWright, Frank Lloyd,1 aCarpenter, John T.2 aPhoenix Art Museum.2 aLos Angeles County Museum of Art.